| 000 -LEADER |
| fixed length control field |
01270nam a22001457a 4500 |
| 008 - FIXED-LENGTH DATA ELEMENTS--GENERAL INFORMATION |
| fixed length control field |
230217b ||||| |||| 00| 0 eng d |
| 100 ## - MAIN ENTRY--PERSONAL NAME |
| Personal name |
Buljan, A., Savljek, S. and Skrbic, M.D. |
| 245 ## - TITLE STATEMENT |
| Title |
In search of the optimal size for local government: An assessment of economies of scale in local government in Croatia |
| 260 ## - PUBLICATION, DISTRIBUTION, ETC. (IMPRINT) |
| Place of publication, distribution, etc |
Local Government Studies |
| 300 ## - PHYSICAL DESCRIPTION |
| Extent |
48(4), Aug, 2022: p.604-627 |
| 520 ## - SUMMARY, ETC. |
| Summary, etc |
This paper brings an empirical assessment of economies of scale in local government units in Croatia. Using cross-section OLS models, we found statistically significant U-shaped relationship between local per capita expenditures and population size, while controlling for various demographic, socio-economic and institutional factors. The choice of control variables in the paper is based on the existing empirical literature but also includes factors capturing the specificities of Croatian economy and local government institutional setup. Using estimated regression coefficients we calculated the optimal size of local units and showed that population size is below optimal in 72% of cities and 76% of municipalities (based on median results). – Reproduced |
| 773 ## - HOST ITEM ENTRY |
| Main entry heading |
Local Government Studies |
| 906 ## - LOCAL DATA ELEMENT F, LDF (RLIN) |
| Subject DIP |
LOCAL GOVERNMENT |
| 942 ## - ADDED ENTRY ELEMENTS (KOHA) |
| Item type |
Articles |